MARC

LEADER 00000cam a2200000 4500
001 vtls011750668
003 SK-MaSNL
005 20260301095445.0
008 210624s2018 xo oa grn 000 0dslo
015 |a SNBA2019/03 
020 |a 9788089426485  |q (brožované) 
035 |a urn:nbn:sk:snk-am00dk95 
035 |a urn:nbn:sk:snk-am3i4yp 
035 |a 07945E00-5FB1-403C-8A7B-B7E673EDB04F 
040 |a SNK  |b slo  |c SNK  |e rda 
041 0 |a slo 
043 |a e-xo--- 
044 |a xo  |c SK 
072 7 |a 355/359  |x Vojenstvo. Obrana krajiny. Ozbrojené sily  |2 konspekt 
080 |a 356.15  |2 2011 
080 |a 323.25/.26:329.18  |2 2011 
080 |a 355.1-058.65  |2 2011 
080 |a 94(437.6)"1944"  |2 2011 
080 |a 355.426(437.6)"1944"  |2 2011 
080 |a 93/94-027.541  |2 2011 
080 |a (437.6)  |2 2011 
080 |a (437.671)  |2 2011 
080 |a (048.8)  |2 2011 
100 1 |a Maniak, Marcel,  |d 1975-  |4 aut  |9 56505 
245 1 0 |a Partizánska obec Liptovská Teplička  |c Marcel Maniak 
264 1 |a [Kežmarok]  |b Jadro  |c 2018 
300 |a 103 strán  |b fotografie, ilustrácie  |c 21 cm 
336 |a text  |b txt  |2 rdacontent 
336 |a statický obraz  |b sti  |2 rdacontent 
337 |a bez média  |b n  |2 rdamedia 
338 |a zväzok  |b nc  |2 rdacarrier 
366 |e 350 kusov 
500 |a Miesto vydania podľa NA ISBN 
500 |a Vydané pre obec Liptovská Teplička 
504 |a Bibliografia na strane 103 
648 7 |a 1944-1945  |2 SNKPH  |9 282693 
648 7 |a 20. storočie  |2 SNKPH  |9 278343 
648 7 |a 20th century  |2 SNKPHeng  |9 277995 
650 0 7 |a partizáni  |2 SNKPH  |9 31601 
650 0 7 |a protifašistický odboj  |2 SNKPH  |9 4751 
650 0 7 |a vojnové obete  |2 SNKPH  |9 116047 
650 0 7 |a Slovenské národné povstanie (1944)  |2 SNKPH  |9 177948 
650 0 7 |a druhá svetová vojna (1939-1945)  |2 SNKPH  |9 169657 
650 0 7 |a regionálne dejiny  |2 SNKPH  |9 63645 
650 0 7 |a Guerrillas  |2 SNKPHeng  |9 315726 
650 0 7 |a Anti-fascist movements  |2 SNKPHeng  |9 265181 
650 0 7 |a War victims  |2 SNKPHeng  |9 355920 
650 0 7 |a Slovak uprising (1944)  |2 SNKPHeng  |9 268548 
650 0 7 |a World War (1939-1945)  |2 SNKPHeng  |9 284172 
650 0 7 |a Regional history  |2 SNKPHeng  |9 266493 
651 7 |a Liptovská Teplička (Slovensko)  |2 SNKPHgeo  |9 20039 
651 7 |a Poprad (Slovensko : okres)  |2 SNKPHgeo  |9 28675 
651 7 |a Liptovská Teplička (Slovakia)  |2 SNKPHeng  |9 413588 
651 7 |a Poprad (Slovakia : district)  |2 SNKPHeng  |9 430846 
655 7 |a monografie  |2 SNKPH  |9 70139 
655 7 |a Monographs  |2 SNKPHeng  |9 120675 
852 |a Podtatranská knižnica v Poprade 
919 |a 978-80-89426-48-5 
958 |a NB 
958 |a BX 
999 |c 683178  |d 685108 
952 |a SNK  |b SNK  |y PREZ  |7 0  |p 17A1359926  |o snkSC 182920  |i snk2019/4514  |8 0  |0 0  |1 0  |4 0  |d 2019-02-18  |f 1  |l 0  |r 2026-02-23 20:03:24  |w 2026-02-23 
952 |a SNK  |b SNK  |y VYP  |7 0  |p 17A1359927  |o snkSC 182920 D1  |i snk2019/4515  |8 0  |0 0  |1 0  |4 0  |d 2019-02-18  |l 0  |r 2026-02-23 20:03:24  |w 2026-02-23